Statistiques concernant Foot 2 Rue - Toutes les équipes

Cliquez ici pour prendre le quiz!

Statistiques générales

  • Ce quiz a été pris 238 fois
    (111 depuis la dernière actualisation)
  • Le résultat moyen est 11 sur 51

Statistiques - réponses

SaisonEquipe% Correct
1Bleus de Port-Marie
70%
1Méninos du Brésil
54%
1Fantômes de la cité
51%
1Requins du Port
49%
1Diables du Bronx
45%
2Saï-saï
42%
2Diables noirs
41%
1Dragons de Shangaï
35%
1Scorpions du désert
35%
1Lions d'Afrique
32%
3Mangas de Tokyo
32%
3Dauphins d'Océanie
30%
3Panthères de Soweto
29%
2Méga Killers
28%
2Ours blancs
26%
1Cobras de Calcutta
25%
1Tigres de papier
25%
1Vagabonds du Parc
25%
1Barracudas du Centre-Commercial
23%
3Enfants de la balle
23%
3Gauchos de Buenos Aires
22%
1Vampires des Boulevards
22%
3Dreads de Kingston
20%
3Loups des Carpates
20%
3Aigles de Jérusalem
19%
3Iroquois du Québec
19%
3Pharaons du Nil
19%
2Serpents du Mékong
19%
2Irréductibles
17%
3Celtics des Highlands
16%
2Chats sauvages
14%
2Skyrunners
14%
3Tigres de Malaisie
13%
2Anges
10%
2Bombes atomiques
10%
2Desperados
10%
2Apaches
9%
2Espadons
7%
2Météores
7%
2Sangliers magiques
7%
2Bulldogs
6%
1Wallabis d'Australie
6%
2Elans rouges
4%
2Lamas de Bolivie
4%
3Maasaï du Kilimandjaro
4%
2Corsaires
3%
2Dandy bondissants
3%
2Lions de mer
3%
2Lions de Wakham
3%
2Pitons
3%
2Tigresses
1%

Distribution des résultats

Percentile par nombre de réponses

% des personnes avec chaque résultat

Votre développement - résultats

Vous n’avez pas pris ce quiz depuis la dernière actualisation